Ministros de agricultura de Centroamérica y Panamá aprueban importante acuerdo

Guardat en:
Dades bibliogràfiques
Format: Text
Matèries:
Etiquetes: Afegir etiqueta
Sense etiquetes, Sigues el primer a etiquetar aquest registre!

MARC

LEADER 00000 a a2200000 04500
001 2570
003
040
245 |a Ministros de agricultura de Centroamérica y Panamá aprueban importante acuerdo  
650 |a AGRICULTURA  
773 |g número 157; páginas 1-5  
999 |c 31325  |d 31325